Synthesis of pharmaceutically significant organic compounds using greener procedures (Record no. 357370)

MARC details
000 -LEADER
fixed length control field 00587nam a2200217 4500
005 - DATE & TIME
control field 20241001113653.0
008 - FIXED-LENGTH DATA ELEMENTS--GENERAL INFORMATION
fixed length control field 241001b |||||||| |||| 00| 0 eng d
020 ## - ISBN
International Standard Book Number X
Price [n.p.]
040 ## - CATALOGING SOURCE
Original cataloging agency VIVEKANANDA LIBRARY
082 ## - DDC NUMBER
Classification number 615.19
Book Number J989S
100 ## - MAIN ENTRY--PERSONAL NAME
Personal name Jyoti
245 ## - TITLE STATEMENT
Title Synthesis of pharmaceutically significant organic compounds using greener procedures
260 ## - PUBLICATION, DISTRIBUTION, ETC. (IMPRINT)
Name of publisher, distributor, etc Dept. of Chemistry, M D University, Rohtak
Date of publication, distribution, etc 2024
300 ## - PHYSICAL DESCRIPTION
Pages ii, 227
650 ## - Subject
Subject Pharmacy
650 ## - Subject
Subject Pharmaceutically
650 ## - Subject
Subject Organic Compounds
700 ## - Added Entry Personal Name
Added Entry Personal Name Jakhar, Komal
942 ## - ADDED ENTRY ELEMENTS (KOHA)
Koha item type Thesis
Holdings
Withdrawn status Lost status Source of classification or shelving scheme Damaged status Not for loan Location (home branch) Sublocation or collection (holding branch) Shelving location Date acquired Koha issues (times borrowed) Koha full call number Accession No. Koha date last seen Copy number Koha item type
    Dewey Decimal Classification     VIVEKANANDA LIBRARY VIVEKANANDA LIBRARY Vivekananda Library 01/10/2024   615.19 J989S 410975 01/10/2024 R Thesis
© Designed and Maintained by Vivekananda Library, MDU Rohtak